Improving development program performance : Guidelines for managers

Bibliographic Details
Main Author: BRINKERHOFF
Format: Book
Published: Boulder, Colo. : L. Rienner Pub. , 1991
Series:Studies in development management
Subjects:

MARC

LEADER 00000cam a2200000 7i4500
001 0000000302
005 20010618.0
020 0 0 |a 1555872107 
090 0 0 |a 338.90091724   |b BRI 1991 
100 1 0 |a BRINKERHOFF   |h Derick W. 
245 1 0 |a Improving development program performance :   |b Guidelines for managers   |c Derick W. Brinkerhoff 
260 0 0 |a Boulder, Colo. :   |b L. Rienner Pub. ,   |c 1991 
300 |a xvi, 224 p. :   |b ill. ;   |c 24 cm. 
440 0 0 |a Studies in development management 
500 0 0 |a Bibliography : (p. 199-219) and index 
650 0 0 |a Developing countries   |x Economic policy 
650 0 0 |a Economic development projects   |x Developing countries   |x Management 
998 |a JPSM 
999 |a 0000000365   |b Monograph   |c Open Shelf   |e Default branch 
999 |a 0000000958   |b Monograph   |c Open Shelf   |e Default branch 
999 |a 0000000959   |b Monograph   |c Open Shelf   |e Default branch